1184 1565 1983 1166 1323 1602 1355 1295 1252 1025 1001 1383 1323 1021 1892 1605 1545 1778 1679 1952 1460 1798 1748 1202 1421 1548 1338 1114 1591 1301 1741 1559 1075 1814 1280 1756 1319 1557 1647 1066 1987 1490 1545 1987 1740 1619 1193 1766 1514 1021 1345 1536 1330 1731 1852 1043 1411 1162 1138 1091 1436 1359 1888 1897 1705 1196 1695 1714 1825 1000 1241 1513 1579 1608 1825 1596 1410 1890 1079 1698 1705 1834 1626 1425 1993 1125 1470 1887 1314 1767 1194 1399 1317 1901 1075 1181 1493 1180 1563 BCNSPRNW ULIB Ver.6.0+V

เปลี่ยนเป็นภาษาไทย

Change to English
 แสดงรายละเอียดบรรณานุกรม
  กลับหน้าหลัก

Brief Record : Get Marc (ISO 2709) : E-mail record : QR code < ปิดหน้าต่าง
LEADER : 00000nam 2200000uu 4500
001    13399111724
003     ULIB
008    110627s2551||||th 000 0 tha d
060  4 WY157^bป335ค 2551
100 0  ประไพรัตน์ แก้วศิริ
245 00 ความสัมพันธ์ระหว่างการรับรู้ประโยชน์ การรับรู้อุปสรรคของการส่งเสริมสุขภาพกับพฤติกรรมส่งเสริมสุขภาพของหญิงตั้งครรภ์/^cจิราจันทร์ คณฑา
260    นครพนม :^bวิทยาลัยพยาบาลบรมราชชนนี นครพนม,^c2551
300    88 หน้า
650  7 หญิงตั้งครรภ์^xวิจัย
650  7 พฤติกรรมส่งเสริมสุขภาพ^xวิจัย
945    ^p0^l0^i026513
995    ทศพร
999 ^a ใช้งานได้ทุกระบบ
รายการนี้ยังไม่มีแท็ก
คุณยังไม่ได้ล็อกอิน คุณสามารถมีกิจกรรมร่วมกับเว็บไซต์ได้ แต่ต้องล็อกอินก่อน ::
  ล็อกอิน

รายการสื่อสารสนเทศ

ลำดับที่ ประเภท เลขเรียก/บาร์โค้ด สถานที่ สถานะ
- ไม่พบข้อมูล -

BibComment


ยังไม่เคยถูกคอมเมนท์

คอมเมนท์ทรัพยากรรายการนี้
  คอมเมนท์: ความสัมพันธ์ระหว่..


 Copyright 2026. Bcnsprnw @Library